Southville International School and Colleges
Your cart is empty.
  • Cart
  • Lists
    Public lists Eva Luna New books Lux_list list_1
    Your lists Log in to create your own lists
  • Log in to your account
  • Your cookies
  • Search history
Southville International School and Colleges
  • Advanced search
  • Recent comments
  • Most popular
  • Libraries

Log in to your account

Log in with GOOGLE


If you do not have an external account, but do have a local account, you can still log in:

  1. Home
  2. MARC view: The film theory reader :
Normal view MARC view ISBD view

The film theory reader : (Record no. 24139)

[ view plain ]
MARC details
000 -LEADER
fixed length control field 00575nam a2200193 a 4500
005 - DATE AND TIME OF LATEST TRANSACTION
control field 20140310183509.0
008 - FIXED-LENGTH DATA ELEMENTS--GENERAL INFORMATION
fixed length control field 101018s19uu xx 00 eng d
020 ## - INTERNATIONAL STANDARD BOOK NUMBER
International Standard Book Number 9780415493222
050 ## - LIBRARY OF CONGRESS CALL NUMBER
Classification number PN 1995
Item number .F4675 2010
100 ## - MAIN ENTRY--PERSONAL NAME
Personal name Furstenau, Marc, edited by
245 ## - TITLE STATEMENT
Title The film theory reader :
Remainder of title debates and arguments.
260 ## - PUBLICATION, DISTRIBUTION, ETC. (IMPRINT)
Place of publication, distribution, etc London :
Name of publisher, distributor, etc Routhedge Taylor & Francis Group,
Date of publication, distribution, etc 2010.
300 ## - PHYSICAL DESCRIPTION
Extent 304 p. :
Other physical details ill. ;
Dimensions 26 cm.
521 ## - TARGET AUDIENCE NOTE
Target audience note
650 ## - SUBJECT ADDED ENTRY--TOPICAL TERM
Topical term or geographic name as entry element Motion pictures
General subdivision Philosophy.
650 ## - SUBJECT ADDED ENTRY--TOPICAL TERM
Topical term or geographic name as entry element Furstenau, Marc, 1963-
942 ## - ADDED ENTRY ELEMENTS (KOHA)
Koha item type Books
Source of classification or shelving scheme Library of Congress Classification
Call number prefix Foreign
Holdings
Withdrawn status Lost status Source of classification or shelving scheme Damaged status Home library Current library Shelving location Date acquired Source of acquisition Total Checkouts Full call number Barcode Date last seen Copy number Price effective from Koha item type
    Library of Congress Classification   College Library College Library General Circulation Section 01/10/2014 Donation   PN 1995 .F4675 2010 C11522 05/15/2018 1 01/10/2014 Books

The film theory reader :

APA

Furstenau M. e. b., . (2010). The film theory reader. London: Routhedge Taylor & Francis Group.

Chicago

Furstenau Marc edited by, . 2010. The film theory reader. London: Routhedge Taylor & Francis Group.

Harvard

Furstenau M. e. b., . (2010). The film theory reader. London: Routhedge Taylor & Francis Group.

MLA

Furstenau Marc edited by, . The film theory reader. London: Routhedge Taylor & Francis Group. 2010.

  • Place hold
  • Print
  • Cite
  • Add to your cart (remove)
  • Save record
    BIBTEX Dublin Core MARCXML MARC (non-Unicode/MARC-8) MARC (Unicode/UTF-8) MARC (Unicode/UTF-8, Standard) MODS (XML) RIS
  • More searches
    Search for this title in:
    Other Libraries (WorldCat) Other Databases (Google Scholar) Online Stores (Bookfinder.com) Open Library (openlibrary.org)

Exporting to Dublin Core...

SOUTHVILLE LIBRARY

Southville International School and Colleges Library

1281 Tropical Ave. Cor. Luxembourg St., BF Homes International, Las Pinas City

Tel. No. 8256374 / 252358 Loc. 117/146

Powered by Koha